Представление документа в формате RUSMARC

ПолеНазваниеЗначение
  Тип записи c
  Библиографический уровень m
001 Контрольный номер RU/УОНБ/EK_N/322863317
005 Дата корректировки 20250520123708.3
010 Индекс ISBN __
9 Тираж 6400 экз.
013 Номер (ISMN) __
d Цена 1 р. 79 к.
071 Издательские номер (звукозапись и ноты) 20
a Номер, присвоенный агентством 9535
100 Данные общей обработки __
a Данные общей обработки 20130622d1977 u y0rusy0103||||ca
101 Язык документа 0_
a Язык текста rus
a Язык текста ita
a Язык текста spa
a Язык текста ger
a Язык текста fre
f Язык титульного листа rus
102 Страна публикации __
a Страна публикации RU
125 Кодированные данные звукозаписи и нотных изданий __
a Форма изложения нотного текста с|
b Определитель литературного текста g
128 Кодированные данные (звукозаписи-физические характеристики) __
a Кодированные данные: Музыкальная форма и тональность или лад arn
a Кодированные данные: Музыкальная форма и тональность или лад li
c Инструменты или голоса, рекомендуемые для солистов (устаревшее) vd||
c Инструменты или голоса, рекомендуемые для солистов (устаревшее) ka||
200 Заглавие и сведения об ответственности 1_
a Заглавие Арии, романсы и песни из репертуара С. Я. Лемешева
b Общее обозначение материала [Ноты]
e Сведения, относящиеся к заглавию для тенора в сопровожд. фп.
f Первые сведения об ответственности исп. С. Я. Лемешев
g Последующие сведения об ответственности сост. В. Н. Кудрявцева
g Последующие сведения об ответственности предисл. Е. Грошева
210 Выходные данные 1_
a Место издания Москва
c Издательство Музыка
d Дата издания 1977
215 Физическое описание __
a Объем 144 c.
c Иллюстрации/тип воспроизводства ил., портр.
d Формат 29 см
300 Общие примечания __
a Общие примечания Текст на рус., фр., итал., исп., нем. яз.
327 Примечание о содержании 01
a Примечание о содержании Содерж. : Глинка М. Вторая песня Баяна ("Есть пустынный край") из оперы "Руслан и Людмила". - Чайковский П. Ариозо Ленского (" Я люблю вас") из оперы "Евгений Онегин". - Римский-Корсаков Н. Каватина Берендея из оперы "Снегурочка". - Направник Э. Романс Дубровского из оперы "Дубровский". - Гречанинов А. Вторая песня Алеши из оперы "Добрыня Никитич". - Моцарт В.А. Ария Тамино из оперы "Волшебная флейта". - Доницетти Г. Романс Неморино из оперы "Любовный напиток". - Флотов Ф. Романс Лионеля из оперы "Марта". - Делиб Л. Кантилена Джеральда из оперы "Лакме". - Массне Ж. Ариозо Вертера из оперы "Вертер" (Песнь Оссиана). - Леонкавалло Р. Серенада Арлекина из оперы "Паяцы". - Варламов А. Смолкни, пташка-канарейка / сл. Н. Цыганова ; Белеет парус одинокий / сл. М. Лермонтова. - Глинка М. "Я люблю", - ты мне твердила / сл. А. Римского-Корсака ; В крови горит огонь желанья / сл. А. Пушкина. - Даргомыжский А. Ночной зефир струит эфир / сл. А. Пушкина. - Рубинштейн А. Азра / сл. Г. Гейне ; Певец / сл. А. Пушкина. - Чайковский П. Мы сидели с тобой / сл. Д. Ратгауза ; Средь мрачных дней / сл. Д. Ратгауза. - Балакирев М. Обойми, поцелуй / сл. А. Кольцова ; Баркарола / сл. А. Арсеньева. - Римский-Корсаков Н. Цветок засохший / сл. А. Пушкина ; О, если б ты могла / сл. А.К. Толстого. - Рахманинов С. Весенние воды / сл. Ф. Тютчева ; Не пой, красавица, при мне / сл. А. Пушкина. - Гречанинов А. Острою секирой / сл. А.К. Толстого. - Шуберт Ф. К музыке / сл. Шобера ; Серенада / сл. Л. Рельштаба. - Шуман Р. Тихая любовь / сл. И. Кернера ; Я не сержусь / сл. Г. Гейне. - Григ Э. Первая встреча / сл. Б. Бьернсона ; Охотник / сл. В. Шульца. - Свиридов Г. Зимняя дорога / сл. А. Пушкина ; Подъезжая под Ижоры / сл. А. Пушкина. - Хренников Т. Песня о песне / сл. В. Тихонова. - Листов К. Думка / сл. С. Алымова. - Русские народные песни : Ах ты, душечка ; Хуторок ; Эх ты, Ваня!
464 Аналитический уровень _0
1 2001
a Вторая песня Баяна
e Есть пустынный край...
464 Аналитический уровень _0
1 2001
a Есть пустынный край
464 Аналитический уровень _0
1 2001
a Руслан и Людмила
464 Аналитический уровень _0
1 2001
a Ариозо Ленского
e Я люблю вас...
464 Аналитический уровень _0
1 2001
a Я люблю вас
464 Аналитический уровень _0
1 2001
a Евгений Онегин
464 Аналитический уровень _0
1 2001
a Каватина Берендея
e Полна, полна чудес могучая природа...
464 Аналитический уровень _0
1 2001
a Снегурочка
464 Аналитический уровень _0
1 2001
a Романс Дубровского
e Итак, все кончено... Судьбой неумолимой...
464 Аналитический уровень _0
1 2001
a Дубровский
464 Аналитический уровень _0
1 2001
a Вторая песня Алеши
e Расцветали в поле цветики...
e из оперы "Добрыня Никитич"
1 50010
a Добрыня Никитич
464 Аналитический уровень _0
1 2001
a Ария Тамино
e Такой волшебной красоты клянусь, не видел никогда...
e из оперы "Волшебная флейта"
1 50010
a Волшебная флейта
464 Аналитический уровень _0
1 2001
a Романс Неморино
e На праздник яркий, радостный...
464 Аналитический уровень _0
1 2001
a Любовный напиток
464 Аналитический уровень _0
1 2001
a Романс Лионеля
e Ангел мой! Прилетай...
464 Аналитический уровень _0
1 2001
a Марта
464 Аналитический уровень _0
1 2001
a Кантилена Джеральда
e Ах, лес к себе нас призывает...
464 Аналитический уровень _0
1 2001
a Лакме
464 Аналитический уровень _0
1 2001
a Ариозо Вертера
e О, не буди меня, дыхание весны...
1 702 1
a Горчакова
b А.
4 730
464 Аналитический уровень _0
1 2001
a Вертер
464 Аналитический уровень _0
1 2001
a Песнь Оссиана
e О, не буди меня, дыхание весны...
464 Аналитический уровень _0
1 2001
a Серенада Арлекина
e Коломбина, верный нежный Арлекин здесь ждет один...
464 Аналитический уровень _0
1 2001
a Паяцы
464 Аналитический уровень _0
1 2001
a Смолкни, пташка-канарейка
e Смолкни, пташка-канарейка...
1 702 1
a Цыганов
b Н.
4 520
464 Аналитический уровень _0
1 2001
a Белеет парус одинокий
e Белеет парус одинокий...
464 Аналитический уровень _0
1 2001
a "Я люблю", - ты мне твердила
e "Я люблю", - ты мне твердила...
1 702 1
a Римский-Корсак
b А.
4 520
464 Аналитический уровень _0
1 2001
a В крови горит огонь желанья
e В крови горит огонь желанья...
464 Аналитический уровень _0
1 2001
a Ночной зефир струит эфир
e Ночной зефир струит эфир...
464 Аналитический уровень _0
1 2001
a Азра
e Вечерком гулять ходила дочь султана молодая...
1 702 1
a Гейне
b Г.
4 520
1 702 1
a Чайковский
b П.
4 730
464 Аналитический уровень _0
1 2001
a Певец
e Слыхали ль вы за рощей глас ночной...
464 Аналитический уровень _0
1 2001
a Мы сидели с тобой
e Мы сидели с тобой у заснувшей реки...
464 Аналитический уровень _0
1 2001
a Средь мрачных дней
e Средь мрачных дней...
464 Аналитический уровень _0
1 2001
a Обойми, поцелуй
e Обойми, поцелуй, приголубь, приласкай...
464 Аналитический уровень _0
1 2001
a Баркарола
e Прелестная рыбачка, причаль на берег мой...
464 Аналитический уровень _0
1 2001
a Цветок засохший
e Цветок засохший, безуханный...
464 Аналитический уровень _0
1 2001
a О, если б ты могла
e О, если б ты могла хоть на единый миг...
464 Аналитический уровень _0
1 2001
a Весенние воды
e Еще в полях белеет снег...
464 Аналитический уровень _0
1 2001
a Не пой, красавица, при мне
e Не пой, красавица, при мне...
464 Аналитический уровень _0
1 2001
a Острою секирой
e Острою секирой ранена береза...
464 Аналитический уровень _0
1 2001
a К музыке
e Бесценный дар! Как часто в дни печали...
1 702 1
a Райский
b н.
4 730
464 Аналитический уровень _0
1 2001
a Серенада
e Песнь моя летит с мольбою...
1 702 1
a Огарев
b Н.
4 730
464 Аналитический уровень _0
1 2001
a Тихая любовь
e Если б мог тебя, царица, обессмертить...
1 702 1
a Майков
b А.
4 730
464 Аналитический уровень _0
1 2001
a Я не сержусь
e Я не сержусь, пусть больно ноет грудь...
1 702 1
a Берг
b Ф.
4 730
464 Аналитический уровень _0
1 2001
a Первая встреча
e О счастье первой встречи...
1 702 1
a Слонов
b М.
4 730
464 Аналитический уровень _0
1 2001
a Охотник
e Чуть свет, охотник наш лихой...
1 702 1
a Коломийцев
b В.
4 730
464 Аналитический уровень _0
1 2001
a Зимняя дорога
e Сквозь волнистые туманы пробирается луна...
464 Аналитический уровень _0
1 2001
a Подъезжая под Ижоры
e Подъезжая под Ижоры...
464 Аналитический уровень _0
1 2001
a Песня о песне
e Когда печаль души твоей коснется...
464 Аналитический уровень _0
1 2001
a Думка
e На Кубани есть одна станица...
464 Аналитический уровень _0
1 2001
a Ах ты, душечка
e Ах ты, душечка...
e рус. нар. песня
464 Аналитический уровень _0
1 2001
a Хуторок
e За рекой на горе лес зеленый шумит...
e рус. нар. песня
464 Аналитический уровень _0
1 2001
a Эх ты, Ваня!
e Эх ты, Ваня, разудала голова...
e рус. нар. песня
464 Аналитический уровень _0
1 2001
a Волшебная флейта
464 Аналитический уровень _0
1 700 1
a Глинка
b М. И.
g Михаил Иванович
464 Аналитический уровень _0
1 700 1
a Чайковский
b П. И.
g Петр Ильич
464 Аналитический уровень _0
1 700 1
a Римский-Корсаков
b Н. А.
g Николай Андреевич
464 Аналитический уровень _0
1 700 1
a Направник
b Э. Ф.
g Эдуард Францевич
464 Аналитический уровень _0
1 700 1
a Гречанинов
b А. Т.
g Александр Тихонович
464 Аналитический уровень _0
1 700 1
a Моцарт
b В. А.
g Вольфганг Амадей
464 Аналитический уровень _0
1 700 1
a Доницетти
b Г.
g Гаэтано
464 Аналитический уровень _0
1 700 1
a Флотов
b Ф.
g Фридрих фон
464 Аналитический уровень _0
1 700 1
a Делиб
b Л.
g Лео
464 Аналитический уровень _0
1 700 1
a Массне
b Ж.
g Жюль
464 Аналитический уровень _0
1 700 1
a Леонкавалло
b Р.
g Руджеро
464 Аналитический уровень _0
1 700 1
a Варламов
b А. Е.
g Александр Егорович
464 Аналитический уровень _0
1 700 1
a Лермонтов
b М. Ю.
g Михаил Юрьевич
464 Аналитический уровень _0
1 700 1
a Пушкин
b А. С.
g Александр Сергеевич
464 Аналитический уровень _0
1 700 1
a Даргомыжский
b А. С.
g Александр Сергеевич
464 Аналитический уровень _0
1 700 1
a Рубинштейн
b А. Г.
g Антон Григорьевич
464 Аналитический уровень _0
1 700 1
a Гейне
b Г.
464 Аналитический уровень _0
1 700 1
a Ратгауз
b Д.
464 Аналитический уровень _0
1 700 1
a Балакирев
b М. А.
g Милий Алексеевич
464 Аналитический уровень _0
1 700 1
a Кольцов
b А.
464 Аналитический уровень _0
1 700 1
a Арсеньев
b А.
464 Аналитический уровень _0
1 700 1
a Римский-Корсаков
b Н. А.
g Николай Андреевич
464 Аналитический уровень _0
1 700 1
a Толстой
b А. К.
464 Аналитический уровень _0
1 700 1
a Рахманинов
b С. В.
g Сергей Васильевич
464 Аналитический уровень _0
1 700 1
a Тютчев
b Ф.
464 Аналитический уровень _0
1 700 1
a Шобер
464 Аналитический уровень _0
1 700 1
a Шуман
b Р.
464 Аналитический уровень _0
1 700 1
a Григ
b Э.
g Эдвард
464 Аналитический уровень _0
1 700 1
a Бьернсон
b Б.
464 Аналитический уровень _0
1 700 1
a Шульц
b В.
464 Аналитический уровень _0
1 700 1
a Свиридов
b Г. В.
g Георгий Васильевич
464 Аналитический уровень _0
1 700 1
a Хренников
b Т. Н.
g Тихон Николаевич
464 Аналитический уровень _0
1 700 1
a Тихонов
b В.
464 Аналитический уровень _0
1 700 1
a Алымов
b С.
464 Аналитический уровень _0
1 700 1
a Шуберт
b Ф.
g Франц
464 Аналитический уровень _0
1 700 1
a Листов
b К. Я.
g Константин Яковлевич
464 Аналитический уровень _0
1 700 1
a Кернер
b И.
512 Заглавие обложки 1_
a Заглавие обложки Арии, романсы и песни из репертуара С. Я. Лемешева
606 Тематические рубрики 0_
a Основная рубрика Вокальные произведения
x Основная подрубрика Песни
x Основная подрубрика Отрывки из опер
x Основная подрубрика Романсы
x Основная подрубрика Русские народные песни
606 Тематические рубрики 0_
a Основная рубрика Тенор (голос)
610 Ключевые слова 0_
a Ключевые слова тенор (голос)
686 Индексы других классификаций __
a Классификационный индекс 85.943.1-42 я43
2 Код системы rubbk
686 Индексы других классификаций __
a Классификационный индекс 85.943.8
2 Код системы rubbk
702 Вторичная интеллектуальная ответственность _1
a Фамилия Лемешев
b Имя (инициалы) С. Я.
g Полное личное имя Сергей Яковлевич
4 Код отношения 590
702 Вторичная интеллектуальная ответственность _1
a Фамилия Кудрявцева
b Имя (инициалы) В. Н.
g Полное личное имя Вера Николаевна
4 Код отношения 220
702 Вторичная интеллектуальная ответственность _1
a Фамилия Грошева
b Имя (инициалы) Е.
4 Код отношения 080
801 Источник записи _0
a Страна RU
b Организация Ульяновская государственная областная научная библиотека им.В.И.Ленина
c Дата составления 20020513
g Правила каталогизации PSBO
801 Источник записи _1
a Страна RU
b Организация Ульяновская государственная областная научная библиотека им.В.И.Ленина
c Дата составления 20020513
901 Тип документа __
t Тип документа m
909 Создатель записи __
a Создатель записи Зиновьева Г. А.
938 Служебная информация __
a Имя БД noti
b Имя библиотеки УОНБ
c Имя АИБС МАРК-SQL
d Номер DOC_ID в БД 5039